[Event "?"]
[Site "Liepajas Rokade, Liepaya LAT"]
[Date "2004.??.??"]
[Round "4"]
[White "Stefansson, Hannes H"]
[Black "Kengis, Edvins"]
[Result "0-1"]
[WhiteElo "2545"]
[BlackElo "2560"]

1. e4 c5 2. Nf3 e6 3. d4 cxd4 4. Nxd4 a6 5. Bd3 Bc5 6. Nb3 Be7 7. O-O d6 8.
Qe2 Nd7 9. Be3 Ngf6 10. f4 O-O 11. Kh1 b6 12. N1d2 Bb7 13. a4 e5 14. Rae1
Re8 15. Bg1 exf4 16. Rxf4 d5 17. Qf2 Bd6 18. Rh4 g5 19. Rh3 dxe4 20. Be2
Bf4 21. Nc4 Qc7 22. Rc3 e3 23. Rxe3 Bxe3 24. Nxe3 Qf4 25. Nf5 Re5 26. Nd6
Rxe2 27. Rxe2 Qxd6 0-1

[Event "?"]
[Site "II Open, Calvia ESP"]
[Date "2005.??.??"]
[Round "6"]
[White "Carlsson, Pontus"]
[Black "Vallejo Pons, Francisco"]
[Result "0-1"]
[WhiteElo "2435"]
[BlackElo "2670"]

1. e4 c5 2. Nf3 e6 3. d4 cxd4 4. Nxd4 a6 5. Bd3 Bc5 6. Nb3 Be7 7. Qg4 g6 8.
Qe2 d6 9. O-O Nd7 10. c4 b6 11. Nc3 Qc7 12. f4 Ngf6 13. Bd2 Bb7 14. Rae1
Rd8 15. Nd4 O-O 16. Nf3 Rfe8 17. Ng5 Bf8 18. Bb1 Bg7 19. a3 Nh5 20. Ba2 Rc8
21. Kh1 Re7 22. Rc1 Qb8 23. Qe3 Nhf6 24. Rce1 Qa8 25. Nh3 Rce8 26. Re2 Nc5
27. Bb1 Ng4 28. Qg3 Nf6 29. Nf2 Nh5 30. Qh3 Nb3 31. Be3 Na5 32. Ba2 Rc8 33.
Qh4 Bf6 34. Qg4 Nxc4 35. Bxc4 Rxc4 36. Bd2 b5 37. Qf3 Bg7 38. Rfe1 Re8 39.
Qd3 Rd4 40. Qh3 Bc6 41. Be3 Rc4 42. Bd2 a5 43. Ncd1 b4 44. b3 Rd4 45. a4 e5
46. fxe5 dxe5 47. Qh4 Bd7 48. Ng4 Bxg4 49. Qxg4 Red8 50. Qg5 h6 51. Qe3 Nf4
52. Nb2 Nxe2 53. Rxe2 Rxe4 0-1

[Event "?"]
[Site "Corsican Open"]
[Date "1998.??.??"]
[Round "?"]
[White "Palac, Mladen"]
[Black "Agrest, Evgenij"]
[Result "1/2-1/2"]
[WhiteElo "2560"]
[BlackElo "2545"]

1. e4 c5 2. Nf3 e6 3. d4 cxd4 4. Nxd4 a6 5. Bd3 Bc5 6. Nb3 Be7 7. f4 d6 8.
Qf3 Nd7 9. Nc3 Qc7 10. Be3 h5 11. a4 b6 12. e5 Bb7 13. Be4 Bxe4 14. Nxe4 d5
15. Nc3 Bb4 16. Bd2 Qc4 17. Qf1 Rc8 18. Qxc4 Rxc4 19. Ne2 Bxd2+ 20. Kxd2 f6
21. Nbd4 fxe5 22. Nxe6 Ke7 23. Nxg7 Kf6 24. Ne8+ Ke7 25. Ng7 Kf6 26. Ne8+
1/2-1/2

[Event "Corus B"]
[Site "Wijk aan Zee NED"]
[Date "2007.01.16"]
[Round "4"]
[White "Smeets, Jan"]
[Black "Werle, Jan"]
[Result "1-0"]
[WhiteElo "2538"]
[BlackElo "2566"]

1. e4 c5 2. Nf3 e6 3. d4 cxd4 4. Nxd4 a6 5. Bd3 Bc5 6. Nb3 Be7 7. Qg4 g6 8.
Qe2 d6 9. a4 Nd7 10. a5 Ne5 11. O-O Nf6 12. Bh6 Nxd3 13. cxd3 e5 14. h3 Be6
15. N3d2 Nh5 16. Nc4 Bxc4 17. dxc4 Bg5 18. Bxg5 Qxg5 19. Nc3 Nf4 20. Qf3
Rc8 21. b3 O-O 22. Rfd1 Rc6 23. Nd5 Nxd5 24. Rxd5 Re8 25. Qd3 Qe7 26. Rd1
Qc7 27. Rxd6 Qxa5 28. Rxc6 bxc6 29. Qd7 Rb8 30. Qxc6 Rxb3 31. c5 Kg7 32.
Qd6 Qc3 33. Kh2 a5 34. Rd5 h5 35. h4 a4 36. c6 a3 37. c7 a2 38. Rc5 Qd4 39.
Qxd4 exd4 40. c8=Q a1=Q 41. Qd8 d3 42. e5 Rc3 43. Qf6+ Kg8 44. e6 d2 45.
Qxf7+ Kh8 46. e7 1-0

[Event "?"]
[Site "It, Zalaegerszeg HUN"]
[Date "2004.??.??"]
[Round "3"]
[White "Korneev, Oleg"]
[Black "Sax, Gyula"]
[Result "1/2-1/2"]
[WhiteElo "2570"]
[BlackElo "2535"]

1. e4 c5 2. Nf3 e6 3. d4 cxd4 4. Nxd4 a6 5. Bd3 Bc5 6. Nb3 Be7 7. Nc3 d6 8.
Be3 Nf6 9. f4 Qc7 10. Qf3 b5 11. g4 Bb7 12. g5 Nfd7 13. O-O-O Nc5 14. Kb1
Nbd7 15. Rhf1 b4 16. Ne2 d5 17. Nxc5 Nxc5 18. Bxc5 Qxc5 19. f5 exf5 20.
Qxf5 O-O 21. e5 g6 22. Qf4 a5 23. Nd4 Bc8 24. h4 a4 25. h5 a3 26. e6 Bxe6
27. hxg6 fxg6 28. Qe5 Bh3 29. Ne6 Bxe6 30. Qxe6+ Kg7 31. Qe5+ Kg8 32. Qe6+
Kg7 33. Qe5+ Kg8 34. Bxg6 hxg6 35. Qe6+ Kg7 36. Qe5+ Kg8 37. Rh1 Rf2 38.
Rh8+ Kf7 39. Rh7+ Ke8 40. Rh8+ Kf7 41. Rh7+ Ke8 42. Rh8+ 1/2-1/2

[Event "?"]
[Site "TCh-BEL 2004-5 ;The Week in Ch"]
[Date "2005.??.??"]
[Round "6"]
[White "Landa, Konstantin"]
[Black "Kveinys, Aloyzas"]
[Result "1-0"]
[WhiteElo "2570"]
[BlackElo "2530"]

1. e4 c5 2. Nf3 e6 3. d4 cxd4 4. Nxd4 a6 5. Bd3 Bc5 6. Nb3 Be7 7. Qg4 g6 8.
Qe2 d6 9. O-O Nd7 10. Na3 Ne5 11. Nc4 Nf6 12. Bd2 Nxc4 13. Bxc4 O-O 14.
Rfd1 Qc7 15. Bd3 d5 16. exd5 Nxd5 17. Be4 Nf6 18. Ba5 Qe5 19. Bf3 Qxe2 20.
Bxe2 Bd7 21. Bf3 Rab8 22. Bc3 Bc6 23. Bxc6 bxc6 24. Nc5 Bxc5 25. Bxf6 Rb7
26. Kf1 Re8 27. Rd3 Be7 28. Bxe7 Rexe7 29. b3 a5 30. Rad1 a4 31. Rc3 axb3
32. cxb3 Rb6 33. Rd8+ Kg7 34. Ra8 Rd7 35. Ke2 Rb5 36. Rd3 Re5+ 37. Kd2 Rb7
38. Rc8 c5 39. Kc3 h5 40. Rd2 h4 41. h3 Rg5 42. f4 Rf5 43. a4 g5 44. a5
gxf4 45. a6 Ra7 46. Ra2 f3 47. gxf3 Rxf3+ 48. Kc4 Rxh3 49. Kxc5 Rg3 50. b4
Rg1 51. Kb5 Rb1 52. Rc4 h3 53. Rh4 Ra8 54. a7 f5 55. Rxh3 f4 56. Rc3 Kf6
57. Rc7 Ke5 58. Rb7 f3 59. Ka6 Ke4 60. b5 Ke3 61. Rf7 Rxa7+ 62. Kxa7 Rxb5
63. Ra3+ Ke4 64. Rfxf3 e5 65. Rae3+ Kd4 66. Re1 1-0

[Event "?"]
[Site "VISA GP Reykjavik ISL"]
[Date "1998.??.??"]
[Round "?"]
[White "Hansen, Curt"]
[Black "Akesson, Ralf"]
[Result "1/2-1/2"]
[WhiteElo "2595"]
[BlackElo "2505"]

1. e4 c5 2. Nf3 e6 3. d4 cxd4 4. Nxd4 a6 5. Bd3 Bc5 6. Nb3 Be7 7. O-O d6 8.
Qg4 g6 9. Qe2 Nd7 10. c4 Qc7 11. Nc3 Ne5 12. f4 Nxd3 13. Qxd3 Nf6 14. Nd4
Bd7 15. b3 Rc8 16. Bb2 O-O 17. Kh1 Rfd8 18. Rae1 Be8 19. f5 Bd7 20. fxe6
fxe6 21. Nd5 exd5 22. exd5 Re8 23. Ne6 Bxe6 24. Rxe6 Rf8 25. Bxf6 Bxf6 26.
Rfxf6 Rxf6 27. Rxf6 Re8 28. Re6 Qf7 29. Rxe8+ Qxe8 30. Qg3 Qe7 31. h4 Qe4
32. a4 a5 33. Kh2 h5 34. Qf2 Kg7 35. Qg3 b6 36. Qc3+ Kf7 37. Qg3 Ke7 38.
Qf2 Qe5+ 39. g3 Qe4 40. Qxb6 Qe2+ 41. Kg1 Qe1+ 42. Kg2 Qe4+ 43. Kf2 Qc2+
44. Kf3 Qd1+ 45. Kg2 Qc2+ 46. Kf3 Qd1+ 47. Kg2 Qc2+ 48. Qf2 Qxb3 49. Qa7+
Kf6 50. Qd4+ Kf7 51. Qf4+ Kg7 52. Qd4+ Kf7 53. Qe4 Qxa4 54. Qe6+ Kg7 55.
Qe7+ Kh6 56. Qf8+ Kh7 57. Qf7+ Kh6 58. Qf8+ Kh7 59. Qxd6 Qxc4 60. Qe7+ Kg8
61. Qe6+ Kg7 62. Qe5+ Kf7 1/2-1/2

[Event "?"]
[Site "EU Team Ch (Men)"]
[Date "1997.??.??"]
[Round "?"]
[White "Van der Wiel, John T H"]
[Black "Kurajica, Bojan"]
[Result "1/2-1/2"]
[WhiteElo "2555"]
[BlackElo "2545"]

1. e4 c5 2. Nf3 e6 3. d4 cxd4 4. Nxd4 a6 5. Bd3 Bc5 6. Nb3 Be7 7. Qg4 Nf6
8. Qxg7 Rg8 9. Qh6 Nc6 10. Nc3 Rxg2 11. Qh3 Rg8 12. Be3 d5 13. exd5 Nb4 14.
O-O-O Nxd3+ 15. Rxd3 exd5 16. Qf3 Bg4 17. Qf4 Rc8 18. Re1 Be6 19. Nd4 Rg4
20. Qf3 Rg6 21. Nxe6 fxe6 22. Bd4 Rc6 23. Qh3 Qd6 24. Rf3 Kd8 25. Be5 Qc5
26. Rf4 Nd7 27. Bd4 Qd6 28. Rf7 Bg5+ 29. Kb1 h6 30. Qd3 1/2-1/2

[Event "?"]
[Site "ol (Men) Bled SLO"]
[Date "2002.??.??"]
[Round "?"]
[White "Johansen, Darryl K"]
[Black "Gulko, Boris F"]
[Result "1/2-1/2"]
[WhiteElo "2510"]
[BlackElo "2590"]

1. d4 e6 2. Nf3 c5 3. e4 cxd4 4. Nxd4 a6 5. Bd3 Bc5 6. Nb3 Be7 7. Nc3 d6 8.
f4 Nf6 9. Qf3 Qc7 10. Be3 b5 11. g4 Bb7 12. g5 Nfd7 13. a4 b4 14. Ne2 Nc6
15. h4 g6 16. O-O-O Nc5 17. Bxc5 dxc5 18. Nd2 O-O-O 19. b3 h6 20. Nc4 hxg5
21. hxg5 e5 22. Qg4+ Kb8 23. f5 gxf5 24. Qxf5 Bc8 25. Qf2 Bxg5+ 26. Kb1 Nd4
27. Nxd4 cxd4 28. a5 Bf4 29. Rxh8 Rxh8 30. Qg2 f6 31. Rh1 Qd8 32. Nb6 Bb7
33. Ka2 Ka7 34. Rxh8 Qxh8 35. Qg4 Bd2 36. Qd7 Bc3 37. Qc7 Qh1 38. Nc8+
1/2-1/2

[Event "?"]
[Site "(championnat)"]
[Date "2003.??.??"]
[Round "?"]
[White "Berg, Emanuel"]
[Black "Agrest, Evgenij"]
[Result "1/2-1/2"]
[WhiteElo "2510"]
[BlackElo "2590"]

1. e4 c5 2. Nf3 e6 3. d4 cxd4 4. Nxd4 a6 5. Bd3 Bc5 6. Nb3 Be7 7. c4 d6 8.
O-O b6 9. Nc3 Nf6 10. Qe2 Bb7 11. f4 Nbd7 12. Nd4 g6 13. Nc2 Qc7 14. Bd2
O-O 15. b4 Rfe8 16. a3 Rad8 17. Rac1 Bf8 18. Ne1 Qb8 19. Nf3 Bg7 20. Rce1
Nh5 21. Nd1 e5 22. f5 Nf4 23. Bxf4 exf4 24. Qd2 Ne5 25. Nxe5 dxe5 26. fxg6
hxg6 27. Nc3 Rd4 28. Ne2 Rxe4 29. Bxe4 Bxe4 30. Nc3 Ba8 31. Qd7 Rd8 32. Qe7
b5 33. c5 Re8 34. Qd7 Rd8 35. Qe7 Re8 36. Qd7 Rd8 37. Qe7 Re8 1/2-1/2

[Event "?"]
[Site "8th Neckar Open, Deizisau GER"]
[Date "2004.??.??"]
[Round "6"]
[White "Naiditsch, Arkadij"]
[Black "Schmaltz, Roland"]
[Result "0-1"]
[WhiteElo "2575"]
[BlackElo "2525"]

1. e4 c5 2. Nf3 e6 3. d4 cxd4 4. Nxd4 a6 5. Bd3 Bc5 6. Nb3 Be7 7. Be3 d6 8.
N1d2 Nf6 9. f4 Nc6 10. c3 Nd7 11. Qe2 Qc7 12. O-O O-O 13. Nd4 Re8 14. Kh1
Bf8 15. b4 b6 16. N2f3 Bb7 17. Rac1 g6 18. Ng5 Nf6 19. Nxc6 Bxc6 20. Bd4
Bg7 21. e5 Nd5 22. a3 Qd8 23. Qg4 Ne7 24. Rcd1 Nf5 25. Be4 Bxe4 26. Nxe4 d5
27. Ng3 Nxd4 28. Rxd4 Rc8 29. Ne4 Rc6 30. Rd3 Re7 31. Nd6 Rec7 32. Qf3 b5
33. a4 bxa4 34. Ra1 Bf8 35. c4 dxc4 36. Nxc4 Qb8 37. Nd6 Rc1+ 38. Rd1 Rxa1
39. Rxa1 Bxd6 40. exd6 Rd7 41. Qc6 Rxd6 42. Qxa4 Rb6 0-1

[Event "?"]
[Site "Xstrata ch-AUS"]
[Date "2006.??.??"]
[Round "8"]
[White "Rogers, Ian"]
[Black "Schmaltz, Roland"]
[Result "1-0"]
[WhiteElo "2555"]
[BlackElo "2540"]

1. e4 c5 2. Nf3 e6 3. d4 cxd4 4. Nxd4 a6 5. Bd3 Bc5 6. Nb3 Be7 7. Nc3 d6 8.
O-O Nf6 9. Qe2 Nc6 10. f4 Qc7 11. Bd2 O-O 12. Rae1 Nd7 13. Kh1 Bf6 14. Nd1
Re8 15. c3 g6 16. Ne3 Bg7 17. Qf2 b6 18. Ng4 h5 19. Ne3 Bb7 20. Bb1 Nf6 21.
Qh4 Qe7 22. Nc4 b5 23. Nca5 Nxa5 24. Nxa5 d5 25. f5 gxf5 26. Bg5 dxe4 27.
Nxb7 Qxb7 28. Bxf6 Bxf6 29. Qxf6 Qe7 30. Qh6 1-0

[Event "?"]
[Site "Sochi RUS"]
[Date "1980.??.??"]
[Round "?"]
[White "Tseshkovsky, Vitaly V"]
[Black "Suetin, Alexei S"]
[Result "1/2-1/2"]
[WhiteElo "2595"]
[BlackElo "2500"]

1. e4 c5 2. Nf3 e6 3. d4 cxd4 4. Nxd4 a6 5. Bd3 Bc5 6. Nb3 Bb6 7. Qe2 Nc6
8. Be3 Nf6 9. Nc3 Bxe3 10. Qxe3 d6 11. O-O-O O-O 12. Be2 b5 13. g4 Qc7 14.
g5 Ne8 15. f4 Rb8 16. Rd2 b4 17. Na4 Ne7 18. Rhd1 Qc6 19. Qa7 Rb7 20. Qxa6
Qxe4 21. Nb6 Rc7 22. Nxc8 Nxc8 23. Rf1 Ne7 24. Kb1 Qe3 25. Bd3 Ra7 26. Qc4
Qb6 27. f5 exf5 28. Bxf5 d5 29. Qe2 Nxf5 30. Rxf5 Nc7 31. Rf1 Qc6 32. Rd4
Ne6 33. Rxb4 Nxg5 34. Qb5 Qd6 35. a4 Ne6 36. h4 Nc7 37. Qc5 Qxc5 38. Nxc5
Ne6 39. Nb3 f5 40. Nd4 Nxd4 41. Rxd4 Ra5 42. Ka2 g6 43. Ka3 Rfa8 44. Re1
Kf7 45. Re5 Kf6 46. Rexd5 Rxd5 47. Rxd5 f4 48. b4 h6 49. b5 g5 50. Rd6+ Kf5
51. Rxh6 g4 52. Rh5+ Ke4 53. Rg5 g3 54. b6 Rf8 55. b7 Rb8 56. Rg7 Rxb7 57.
Rxb7 g2 58. Rg7 f3 59. Kb2 f2 60. Rxg2 f1=Q 61. Rg3 1/2-1/2

[Event "?"]
[Site "Antalya Open"]
[Date "2002.??.??"]
[Round "?"]
[White "Spasov, Vasil V"]
[Black "Poluljahov, Aleksandr"]
[Result "1/2-1/2"]
[WhiteElo "2570"]
[BlackElo "2525"]

1. e4 c5 2. Nf3 e6 3. d4 cxd4 4. Nxd4 a6 5. Bd3 Bc5 6. Nb3 Be7 7. O-O d6 8.
Qg4 g6 9. Qe2 Nd7 10. c4 Qc7 11. Nc3 Ngf6 12. Bh6 Ne5 13. h3 b6 14. Rac1
Bb7 15. Bb1 Ned7 16. Rfd1 Bf8 17. Bxf8 Kxf8 18. Qd2 Ke7 19. Nd4 Rhd8 20. b4
Kf8 21. Qh6+ Kg8 22. Nd5 exd5 23. cxd5 Qb8 24. Nc6 Bxc6 25. dxc6 Nc5 26.
bxc5 dxc5 27. Qg5 Ne8 28. a3 Qc7 29. Ba2 Rxd1+ 30. Rxd1 Qxc6 31. Bd5 Qd7
32. Qe5 Ra7 33. Rd3 Qe7 34. Qb8 Kg7 35. Qxb6 Nf6 36. Qb2 Kg8 37. Rb3 Rd7
38. Rb8+ Rd8 39. Qb7 Nd7 40. Rxd8+ Qxd8 41. Qxa6 Nb6 42. Qb7 Nxd5 43. exd5
Qe8 44. Qb2 Qe1+ 45. Kh2 c4 46. d6 Qd1 47. Qe5 Qd2 48. Qf6 h5 49. h4 Qd3
50. Qe5 Qd2 51. Qe8+ Kg7 52. Qe5+ Kg8 53. f3 Kh7 54. Qf6 Kg8 55. Qe5 Kh7
56. Qf6 Kg8 57. Kg3 Qe1+ 58. Kh3 Qh1+ 59. Kg3 Qe1+ 60. Kh2 Qd2 61. Qe5
1/2-1/2

[Event "?"]
[Site "Anibal Open"]
[Date "2003.??.??"]
[Round "?"]
[White "Del Rio Angelis, Salvador G"]
[Black "Korneev, Oleg"]
[Result "1-0"]
[WhiteElo "2485"]
[BlackElo "2610"]

1. e4 c5 2. Nf3 e6 3. d4 cxd4 4. Nxd4 a6 5. Bd3 Bc5 6. Nb3 Be7 7. O-O d6 8.
c4 Nf6 9. Nc3 Nbd7 10. Be3 b6 11. f4 Bb7 12. Qf3 Qc7 13. Qh3 O-O 14. Rad1
Rfe8 15. Bb1 g6 16. f5 exf5 17. exf5 Bf8 18. fxg6 fxg6 19. Nd4 Qxc4 20. a3
Qf7 21. Ba2 d5 22. Nc2 Re5 23. Bd4 Bc5 24. Ne3 Qe7 25. Bxe5 Qxe5 26. Rfe1
Re8 27. Kh1 h5 28. Ncxd5 Kh8 29. Qh4 Bxd5 30. Nxd5 Ne4 31. Nf4 Qf6 32. Rxd7
Nf2+ 33. Qxf2 Qxf4 34. Rxe8+ 1-0

[Event "?"]
[Site "Canadian Open, Kapuskasing CAN"]
[Date "2004.??.??"]
[Round "3"]
[White "Bluvshtein, Mark"]
[Black "Epishin, Vladimir V"]
[Result "1-0"]
[WhiteElo "2460"]
[BlackElo "2635"]

1. e4 c5 2. Nf3 e6 3. d4 cxd4 4. Nxd4 a6 5. Bd3 Bc5 6. Nb3 Be7 7. Qg4 g6 8.
Qe2 d6 9. Nc3 Nd7 10. Bd2 b5 11. a4 b4 12. Nd1 a5 13. O-O Ngf6 14. c3 d5
15. cxb4 axb4 16. exd5 Nxd5 17. Ne3 Bb7 18. Nxd5 Bxd5 19. Bc4 Bxc4 20. Qxc4
O-O 21. Bxb4 Bxb4 22. Qxb4 Qb8 23. Qa3 Rc8 24. Rfc1 Qf4 25. g3 Qg4 26.
Rxc8+ Rxc8 27. Qd6 Nf6 28. a5 Qe2 29. Qd2 Qb5 30. Nd4 Qd5 31. Rd1 Ne4 32.
Qe2 Rd8 33. Re1 f5 34. Nxe6 Qxe6 35. f3 Rd4 36. Qb5 Qd6 37. fxe4 fxe4 38.
a6 Rb4 39. Qe8+ Kg7 40. Rf1 Qc5+ 41. Kh1 e3 42. a7 e2 43. Qf7+ Kh6 44. a8=Q
1-0

[Event "?"]
[Site "Open Andorra"]
[Date "2003.??.??"]
[Round "?"]
[White "Al Sayed, Mohamad N"]
[Black "Epishin, Vladimir V"]
[Result "0-1"]
[WhiteElo "2455"]
[BlackElo "2640"]

1. e4 c5 2. Nf3 e6 3. d4 cxd4 4. Nxd4 a6 5. Bd3 Bc5 6. Nb3 Be7 7. Qg4 g6 8.
Qe2 d6 9. a4 Nd7 10. a5 Ngf6 11. Bh6 Bf8 12. Bxf8 Kxf8 13. O-O Kg7 14. Nc3
Qc7 15. f4 h5 16. h3 b5 17. axb6 Qxb6+ 18. Qf2 Rb8 19. Ra5 h4 20. Rfa1 Rh5
21. Qxb6 Rxb6 22. R5a4 Nc5 23. Nxc5 Rxc5 24. R4a2 Rb4 25. Na4 Rc7 26. c3
Rb3 27. Ra3 Rxa3 28. Rxa3 Bb7 29. Rb3 Bxe4 30. Bxe4 Nxe4 31. Rb6 d5 32. Kf1
a5 33. Ke2 Rc4 0-1

[Event "?"]
[Site "Chigorin Memorial"]
[Date "2002.??.??"]
[Round "?"]
[White "Lastin, Alexander"]
[Black "Kuporosov, Viktor"]
[Result "1-0"]
[WhiteElo "2625"]
[BlackElo "2465"]

1. e4 c5 2. Nf3 e6 3. d4 cxd4 4. Nxd4 a6 5. Bd3 Bc5 6. Nb3 Be7 7. Qe2 d6 8.
f4 Nd7 9. Nc3 Qc7 10. Be3 b6 11. O-O-O Bb7 12. g4 Bf6 13. Bd2 g6 14. g5 Bg7
15. Rhf1 Ne7 16. f5 gxf5 17. exf5 exf5 18. Bxf5 Ne5 19. Bd3 b5 20. Bf4 N7g6
21. Bxb5+ axb5 22. Nxb5 Qe7 23. Nxd6+ Kf8 24. Nc5 Nxf4 25. Rxf4 Bf3 26.
Rxf3 Nxf3 27. Qxf3 Rxa2 28. c3 Be5 29. Nf5 Qxg5+ 30. Kb1 Ra7 31. Nd7+ Rxd7
32. Qa8+ 1-0

[Event "?"]
[Site "VISA Nordic GP Final"]
[Date "1999.??.??"]
[Round "?"]
[White "Hansen, Sune Berg"]
[Black "Akesson, Ralf"]
[Result "1-0"]
[WhiteElo "2555"]
[BlackElo "2535"]

1. e4 c5 2. Nf3 e6 3. d4 cxd4 4. Nxd4 a6 5. Bd3 Bc5 6. Nb3 Be7 7. O-O d6 8.
c4 Nf6 9. Nc3 O-O 10. f4 b6 11. Qf3 Bb7 12. Qh3 Nbd7 13. Be3 b5 14. cxb5
axb5 15. a3 Rb8 16. Rad1 e5 17. Bxb5 Bxe4 18. fxe5 Nxe5 19. Nd4 Bg6 20. Nf5
Nfg4 21. Nxe7+ Qxe7 22. a4 Bc2 23. Rd2 Bb3 24. Bd4 f5 25. Qg3 Bc4 26. Bxc4+
Nxc4 27. Re2 Qd7 28. Nd5 Rbe8 29. Rxe8 Rxe8 30. h3 Qb7 31. Qf3 Rb8 32. Qxf5
Nge5 33. Qe6+ Kh8 34. b4 Qa8 35. Bxe5 dxe5 36. Rf7 Qxa4 37. Qg4 Qa1+ 38.
Kh2 e4 39. Re7 Nd6 40. Qf4 Qa6 1-0

[Event "?"]
[Site "54th ch-HUN, Budapest HUN"]
[Date "2004.??.??"]
[Round "1"]
[White "Acs, Peter"]
[Black "Horvath, Csaba"]
[Result "1/2-1/2"]
[WhiteElo "2545"]
[BlackElo "2545"]

1. e4 c5 2. Nf3 e6 3. d4 cxd4 4. Nxd4 a6 5. Bd3 Bc5 6. Nb3 Be7 7. O-O d6 8.
c4 b6 9. Nc3 Nf6 10. f4 Nbd7 11. Qe2 Bb7 12. Bd2 O-O 13. Rae1 Re8 14. Nd4
g6 15. Kh1 Nh5 16. Nf3 Bf6 17. Rc1 Bg7 1/2-1/2

[Event "?"]
[Site "United Insurance 5th"]
[Date "2001.??.??"]
[Round "?"]
[White "Reefat, Bin-Sattar"]
[Black "Ehlvest, Jaan"]
[Result "1-0"]
[WhiteElo "2455"]
[BlackElo "2635"]

1. e4 c5 2. Nf3 e6 3. d4 cxd4 4. Nxd4 a6 5. Bd3 Bc5 6. Nb3 Be7 7. c4 d6 8.
Nc3 Nd7 9. O-O Ngf6 10. f4 Qc7 11. Qf3 b6 12. Be3 Bb7 13. Rae1 h6 14. Qh3
O-O-O 15. f5 Ne5 16. Bd4 Kb8 17. fxe6 fxe6 18. Nd2 g5 19. Na4 g4 20. Qe3
Nfd7 21. b4 Bg5 22. Qe2 Nxd3 23. Qxd3 Ne5 24. Qc2 Bxd2 25. Qxd2 Nxc4 26.
Qf2 Rhf8 27. Qxf8 Rxf8 28. Rxf8+ Ka7 29. Kh1 e5 30. Bg1 d5 31. exd5 Qd6 32.
Rf2 Qxb4 33. Nxb6 Nxb6 34. Ree2 g3 35. Rf6 gxh2 36. Bxb6+ Ka8 37. a3 Qxa3
38. Kxh2 Bxd5 39. Rxe5 Bxg2 40. Re8+ Kb7 41. Re3 Qb4 42. Kxg2 1-0

[Event "?"]
[Site "3rd ACP Blitz Prelim1, playche"]
[Date "2004.??.??"]
[Round "20"]
[White "Volokitin, Andrei"]
[Black "Lobron, Eric"]
[Result "1-0"]
[WhiteElo "2600"]
[BlackElo "2490"]

1. e4 c5 2. Nf3 e6 3. d4 cxd4 4. Nxd4 a6 5. Nc3 Bc5 6. Be2 d6 7. O-O Ne7 8.
Bg5 h6 9. Bh4 Nd7 10. Nb3 g5 11. Bg3 e5 12. Na4 Qc7 13. Naxc5 dxc5 14. Nd2
Ng6 15. Nc4 Ke7 16. a4 b6 17. Bh5 Nf4 18. Bxf4 gxf4 19. Qd5 1-0

[Event "?"]
[Site "Open Bad Woerishofen GER"]
[Date "2003.??.??"]
[Round "?"]
[White "Kritz, Leonid"]
[Black "Korneev, Oleg"]
[Result "1-0"]
[WhiteElo "2480"]
[BlackElo "2610"]

1. e4 c5 2. Nf3 e6 3. d4 cxd4 4. Nxd4 a6 5. Bd3 Bc5 6. Nb3 Be7 7. O-O d6 8.
c4 Nf6 9. Nc3 Nbd7 10. a4 Ne5 11. a5 Bd7 12. Be3 O-O 13. f4 Nxd3 14. Qxd3
Bc6 15. Nd4 Rc8 16. h3 Qc7 17. Rfc1 Bd7 18. b3 Rfe8 19. Nf3 g6 20. Bb6 Qb8
21. e5 Nh5 22. exd6 Nxf4 23. Qd2 Qxd6 24. Qxd6 Bxd6 25. Rd1 Bb4 26. Na2
Bc5+ 27. Bxc5 Rxc5 28. Rxd7 Rxa5 29. Rdd1 e5 30. Nc3 Rxa1 31. Rxa1 e4 32.
Ne1 Re6 33. Rd1 Rb6 34. Rb1 f5 35. Kf2 Kf7 36. h4 Rd6 37. Ke3 Nxg2+ 38.
Nxg2 Rd3+ 39. Kf4 Rxc3 40. Ke5 a5 41. Nf4 Kg7 42. h5 g5 43. Ne6+ Kh6 44.
Kxf5 e3 45. Nxg5 Rc2 46. Nf7+ Kg7 47. Ne5 Rg2 48. Kf4 e2 49. Ng4 1-0

[Event "?"]
[Site "Anibal Open 8th"]
[Date "2001.??.??"]
[Round "?"]
[White "Vescovi, Giovanni P"]
[Black "Epishin, Vladimir V"]
[Result "1/2-1/2"]
[WhiteElo "2515"]
[BlackElo "2575"]

1. e4 c5 2. Nf3 e6 3. d4 cxd4 4. Nxd4 a6 5. Bd3 Bc5 6. Nb3 Be7 7. O-O d6 8.
Qg4 g6 9. Qe2 Nd7 10. c4 Ngf6 11. Bh6 Ne5 12. Nc3 Nfg4 13. Bg7 Rg8 14. Bxe5
Nxe5 15. f4 Nxd3 16. Qxd3 Bd7 17. Rad1 Qc7 18. e5 dxe5 19. fxe5 Rd8 20. Qe3
Bc6 21. Qf4 Rf8 22. Ne4 Rxd1 23. Rxd1 Bxe4 24. Qxe4 f5 25. exf6 Rxf6 26. h3
a5 27. Kh1 Qg3 28. c5 Qc7 29. Nd4 Qxc5 30. Qxb7 Qd5 31. Qc8+ Kf7 32. Qc2
Bd6 33. Nf3 Rxf3 34. gxf3 Qxf3+ 35. Kg1 Bc5+ 36. Kh2 Bd6+ 37. Kg1 Bc5+
1/2-1/2

[Event "?"]
[Site "Veterans-Women"]
[Date "1994.??.??"]
[Round "?"]
[White "Arakhamia-Grant, Ketevan"]
[Black "Portisch, Lajos"]
[Result "1/2-1/2"]
[WhiteElo "2485"]
[BlackElo "2605"]

1. e4 c5 2. Nf3 e6 3. d4 cxd4 4. Nxd4 a6 5. Bd3 Bc5 6. Nb3 Be7 7. O-O Nc6
8. f4 d6 9. Qe2 Nf6 10. N1d2 Nb4 11. Nf3 Nxd3 12. cxd3 O-O 13. Bd2 a5 14.
Kh1 Bd7 15. Rac1 b5 16. Rc2 a4 17. Nbd4 Qb6 18. Bb4 Rfc8 19. Rfc1 Bf8 20.
Rxc8 Rxc8 21. Rxc8 Bxc8 22. Qc2 Bd7 23. Qc3 Qb7 24. a3 h6 25. Ne2 Ne8 26.
Qd4 Bc6 27. Nc3 Be7 28. Ba5 f5 29. Qb6 Bf6 30. Nd4 Bxd4 31. Qxd4 Qf7 32.
Qb6 Qd7 33. Kg1 fxe4 34. dxe4 e5 35. fxe5 dxe5 36. Bb4 Qd4+ 37. Qxd4 exd4
38. Ne2 d3 39. Nd4 Bxe4 40. Nxb5 Nf6 41. Kf2 Bc6 1/2-1/2

[Event "?"]
[Site "op-A Dortmund GER"]
[Date "2001.??.??"]
[Round "?"]
[White "Varga, Zoltan"]
[Black "Epishin, Vladimir V"]
[Result "1/2-1/2"]
[WhiteElo "2515"]
[BlackElo "2575"]

1. e4 c5 2. Nf3 e6 3. d4 cxd4 4. Nxd4 a6 5. Bd3 Bc5 6. Nb3 Be7 7. Qg4 g6 8.
Qe2 d6 9. Nc3 Nc6 10. Be3 Nf6 11. O-O-O e5 12. Bc4 O-O 13. h4 Ng4 14. Bd2
Bxh4 15. g3 Bg5 16. f3 Bxd2+ 17. Qxd2 Nf6 18. g4 Be6 19. Bxe6 fxe6 20. Qxd6
Qxd6 21. Rxd6 Rae8 22. Nc5 Nd4 23. Nd7 Nxd7 24. Rxd7 h5 25. gxh5 g5 26.
Rxb7 Nxf3 27. Ne2 Kh8 28. Rd1 g4 29. Rdd7 Ng5 30. Ng3 Rf3 31. Rg7 Rg8 32.
h6 Rxg3 33. Rxg8+ Kxg8 34. Rg7+ Kh8 35. Rxg5 Kh7 36. Rxe5 Rg2 37. a4 Rf2
38. b4 Kxh6 39. Rxe6+ Kg7 40. Rd6 g3 41. Rd3 g2 42. Rg3+ Kf6 43. Kb2 Ke5
44. Rg4 Kd4 45. a5 Ke3 46. b5 axb5 47. Ka3 Kf3 48. Rg8 Rf1 49. Kb4 g1=Q 50.
Rxg1 Rxg1 51. Kxb5 Kxe4 52. a6 Kd5 53. a7 Ra1 54. Kb6 Kd6 55. Kb7 Rb1+ 56.
Kc8 Ra1 1/2-1/2

[Event "?"]
[Site "GM Griesheim"]
[Date "2002.??.??"]
[Round "?"]
[White "Ginsburg, Gennadij"]
[Black "Glek, Igor V"]
[Result "0-1"]
[WhiteElo "2490"]
[BlackElo "2600"]

1. e4 c5 2. Nf3 e6 3. d4 cxd4 4. Nxd4 a6 5. Bd3 Bc5 6. Nb3 Be7 7. O-O d6 8.
Qg4 g6 9. Qe2 Nd7 10. c4 b6 11. Nc3 Bb7 12. Rd1 Qc7 13. h3 Rc8 14. Bf4 Ngf6
15. Bh6 Bf8 16. Bxf8 Kxf8 17. c5 dxc5 18. Bxa6 Bxa6 19. Qxa6 Kg7 20. Qe2
Rhd8 21. Rd2 Ne5 22. Nb5 Rxd2 23. Qxd2 Qd7 24. Qxd7 Nfxd7 25. Rd1 g5 26.
Nc1 Ra8 27. a3 Nf6 28. f3 h5 29. Kf2 h4 30. Nd6 Kf8 31. Nd3 Nc6 32. f4 gxf4
33. Nxf4 Rb8 34. Nb5 Ra8 35. Nc3 Ke7 36. Nd3 Rg8 37. a4 Rg3 38. e5 Nd7 39.
Ne4 Rg8 40. b3 Ncxe5 41. Nf4 f5 42. Nd2 Rg3 43. a5 bxa5 44. Ra1 Nd3+ 45.
Nxd3 Rxd3 46. Ke2 Rg3 47. Kf1 Ne5 48. Rxa5 Kd6 49. Ra8 Nc6 50. Rh8 Ne7 51.
Rxh4 Rd3 52. Nc4+ Kd5 53. Nb6+ Kc6 54. Nc4 Kd5 55. Nb6+ Kc6 56. Nc4 Kb5 57.
Rh8 Rxb3 58. Ne5 Nc6 59. Nxc6 Kxc6 60. h4 Kd5 61. h5 Ke5 62. h6 Rb7 63. h7
Rc7 64. Ke2 c4 65. Kd2 c3+ 66. Kc2 f4 67. Kc1 c2 68. Rd8 Rxh7 69. Kxc2 Ra7
70. Kd1 Ra2 71. Rg8 Kd4 72. Rg5 Ke3 73. Re5+ Kf2 74. Rxe6 Kxg2 75. Rg6+ Kf2
76. Rf6 f3 77. Rg6 Ra8 78. Rf6 Rg8 0-1

[Event "?"]
[Site "II Copa ENTEL ;The Week in Che"]
[Date "2005.??.??"]
[Round "11"]
[White "Rodriguez, Andres"]
[Black "Hellsten, Johan"]
[Result "0-1"]
[WhiteElo "2535"]
[BlackElo "2550"]

1. e4 c5 2. Nf3 e6 3. d4 cxd4 4. Nxd4 a6 5. Bd3 Bc5 6. Nb3 Be7 7. c4 Nc6 8.
Nc3 d6 9. Be3 Nf6 10. f4 b6 11. O-O Bb7 12. Rc1 O-O 13. Qf3 Re8 14. Qh3 g6
15. Na4 Nd7 16. f5 exf5 17. exf5 Bf6 18. fxg6 fxg6 19. Kh1 Bg7 20. Bh6 Bxh6
21. Qxh6 Nce5 22. Nd4 Ng4 23. Qh3 Qg5 24. Nf3 Qxc1 25. Qxg4 Qe3 26. Bxg6
Bxf3 27. Bxh7+ Kh8 28. Qh3 Be2 29. Qh4 Qe7 30. Qd4+ Kxh7 31. Rf4 Bh5 32. h3
Qe1+ 33. Kh2 Qe5 34. Qxe5 Rxe5 0-1